Ethnologia Europae Centralis časopis pro národopis střední, východní a jihovýchodní Evropy
| Ďalší autori: | , , , |
|---|---|
| Médium: | Seriál |
| Jazyk: | čeština angličtina nemčina poľština slovenčina |
| Fyzický popis: | zv. 24 cm |
| Vydavateľské údaje: |
Brno
Regio
1992-2019
Brno Cieszyn Jan Souček Faculty of Ethnology and Sciences of Education, Silesian University Trnava Univerzita sv. Cyrila a Metoda v Trnave |
| ISBN: | 9788081057717 9788081058530 9788081059421 9788081059728 |
| ISSN: | 1210-1109 |
| Predmet: | |
| On-line prístup: | http://eec-journal.org/archiv/ |
MARC
| LEADER | 00000cas a2200000 a 4500 | ||
|---|---|---|---|
| 001 | vtls010312139 | ||
| 003 | SK-MaSNL | ||
| 005 | 20260228163845.0 | ||
| 008 | 240130c19929999xr gr| o 0 b0cze c | ||
| 015 | |a SNB2016-(12/2015) |a SNB2018-(13/2016) |a SNB2019-(14/2017, 15/2018) | ||
| 020 | |a 9788081057717 |q (brož. : 12/2015) | ||
| 020 | |a 9788081058530 |q (brož. : 13/2016) | ||
| 020 | |a 9788081059421 |q (brož. : 14/2017) | ||
| 020 | |a 9788081059728 |q (brož. : 15/2018) | ||
| 022 | |a 1210-1109 | ||
| 040 | |a SVKPO |b slo |c SVKPO |d SNK |e AACR2 | ||
| 041 | 0 | |a cze |a eng |a ger |a pol |a slo |b eng |b ger |b slo | |
| 043 | |a ec----- |a e------ |a ed----- | ||
| 044 | |a xr |c CZ | ||
| 072 | 7 | |a 39 |x Etnológia. Etnografia. Folklór |2 konspekt | |
| 080 | |a 39 |2 2011 | ||
| 080 | |a (4-191.2) |2 2011 | ||
| 080 | |a (4-12) |2 2001 | ||
| 080 | |a 050 |2 2011 | ||
| 080 | |a (4) |2 2011 | ||
| 080 | |a (051)-027.561 |2 2011 | ||
| 210 | 0 | |a Ethnol. Eur. Cent. | |
| 222 | 0 | |a Ethnologia Europae Centralis | |
| 245 | 0 | 0 | |a Ethnologia Europae Centralis |b časopis pro národopis střední, východní a jihovýchodní Evropy |
| 246 | 1 | 3 | |a EEC |
| 260 | |a Brno |b Regio |c 1992-2019 | ||
| 260 | 2 | |3 2005-2013 |a Brno |b Jan Souček |a Cieszyn |b Faculty of Ethnology and Sciences of Education, Silesian University | |
| 260 | 3 | |3 2015- |a Trnava |b Univerzita sv. Cyrila a Metoda v Trnave | |
| 300 | |a zv. |c 24 cm | ||
| 310 | |a 1x za 2 roky |b 2001- | ||
| 321 | |a Nepravidelne |b 1992-1999 | ||
| 362 | 0 | |a Roč. 1 (1992)- | |
| 500 | |a Od č. 7/2005 podnázvy: journal of ethnology of Central Europe = časopis pro národopis střední Evropy = pismo poświęcone etnologii środkowej Europy | ||
| 500 | |a Spoluvydavatelia: Česká národopisná společnost, Uniwersytet Ślaski w Katowicach | ||
| 500 | |a Šéfredaktor: 2015, Jiří Langer ; 2016, Taťána Součková ; 2017, Taťána Součková, Katarína Slobodová Nováková, Martin Priečko ; 2018, [kolektív] | ||
| 500 | |a Časopis je registrovaný v databáze ERIH /European Reference Index for the Humanities/ | ||
| 504 | |a Bibliografické odkazy ; poznámky | ||
| 546 | |a Text český, anglický, nemecký, poľský a slovenský ; resumé anglické, nemecké, slovenské | ||
| 650 | 0 | 7 | |a etnografia |2 SNKPH |9 950 |
| 650 | 0 | 7 | |a etnológia |2 SNKPH |9 715 |
| 650 | 0 | 7 | |a Ethnology |2 SNKPHeng |9 265419 |
| 650 | 0 | 7 | |a Ethnography |2 SNKPHeng |9 265262 |
| 651 | 7 | |a Európa stredná |2 SNKPH |9 23970 | |
| 651 | 7 | |a Europe, Central |2 SNKPHeng |9 98219 | |
| 651 | 7 | |a Európa |2 SNKPH |9 167569 | |
| 651 | 7 | |a Europe |2 SNKPHeng |9 56249 | |
| 651 | 7 | |a Európa juhovýchodná |2 SNKPH |9 62619 | |
| 651 | 7 | |a Europe, Southeastern |2 SNKPHeng |9 265421 | |
| 655 | 7 | |a odborné časopisy |2 SNKPH |9 70505 | |
| 655 | 7 | |a Professional journals |2 SNKPHeng |9 265007 | |
| 700 | 1 | |a Langer, Jiří, |d 1936- |4 pbd |9 115984 | |
| 700 | 1 | |a Součková, Tatiana, |d 1986- |4 pbd |9 229671 | |
| 700 | 1 | |a Slobodová Nováková, Katarína, |d 1979- |4 pbd |9 159384 | |
| 700 | 1 | |a Priečko, Martin, |d 1979- |4 pbd |9 214145 | |
| 856 | 4 | |u http://eec-journal.org/archiv/ | |
| 910 | |a snmk | ||
| 910 | |a snk | ||
| 919 | |a 978-80-8105-771-7 | ||
| 919 | |a 978-80-8105-853-0 | ||
| 919 | |a 978-80-8105-942-1 | ||
| 919 | |a 978-80-8105-972-8 | ||
| 958 | |a NB | ||
| 999 | |c 11069 |d 12999 | ||
| 952 | |0 0 |1 0 |4 0 |7 0 |8 0 |a SNK |b SNK |d 2018-02-27 |i snk2018/4941 |l 0 |o snkČSC 3202/13/2016 |p 17A1267696 |r 2026-02-21 20:27:06 |w 2026-02-21 |y PREZ | ||
| 952 | |0 0 |1 0 |4 0 |7 0 |8 0 |a SNK |b SNK |d 2018-02-27 |i snk2018/4942 |l 0 |o snkČSC 3202/13/2016 D1 |p 17A1267697 |r 2026-02-21 20:27:06 |w 2026-02-21 |y PREZ | ||
| 952 | |0 0 |1 0 |4 0 |7 0 |a SNK |b SNK |d 1997-01-02 |l 0 |o snkČSC 3202/1992 |p 17A0029114 |r 2005-01-01 00:00:00 |w 2026-02-21 |y PREZ | ||
| 952 | |0 0 |1 0 |4 0 |7 0 |8 0 |a SNK |b SNK |d 2016-07-26 |i snk2016/17777 |l 0 |o snkČSC 3202/12/2015 |p 17A1193352 |r 2026-02-21 21:54:23 |w 2026-02-21 |y PREZ | ||
| 952 | |0 0 |1 0 |4 0 |7 0 |8 0 |a SNK |b SNK |d 2016-07-26 |i snk2016/17778 |l 0 |o snkČSC 3202/12/2015 D1 |p 17A1193353 |r 2026-02-21 21:54:23 |w 2026-02-21 |y PREZ | ||
| 952 | |0 0 |1 0 |4 0 |7 0 |8 0 |a SNK |b SNK |d 2019-04-29 |i snk2019/12189 |l 0 |o snkČSC 3202/14/2017 |p 17A1366720 |r 2026-02-21 21:59:33 |w 2026-02-21 |y PREZ | ||
| 952 | |0 0 |1 0 |4 0 |7 0 |8 0 |a SNK |b SNK |d 2019-04-29 |i snk2019/12191 |l 0 |o snkČSC 3202/14/2017 D1 |p 17A1366721 |r 2026-02-21 21:59:34 |w 2026-02-21 |y PREZ | ||
| 952 | |0 0 |1 0 |4 0 |7 0 |8 0 |a SNK |b SNK |d 2019-04-29 |i snk2019/12193 |l 0 |o snkČSC 3202/15/2018 |p 17A1366722 |r 2026-02-21 21:59:34 |w 2026-02-21 |y PREZ | ||
| 952 | |0 0 |1 0 |4 0 |7 0 |8 0 |a SNK |b SNK |d 2019-04-29 |i snk2019/12195 |l 0 |o snkČSC 3202/15/2018 D1 |p 17A1366723 |r 2026-02-21 21:59:34 |w 2026-02-21 |y PREZ | ||


